Brass Instruments by Picture - Statistics

General Stats
  • This quiz has been taken 199 times
  • The average score is 8 of 14
Answer Stats
Picture Answer % Correct
Soprano Trumpet
100%
Horn
92%
Tenor Trombone
90%
Tuba
83%
Euphonium
81%
Bass Trombone
64%
Cornet
61%
Flugelhorn
59%
Bugle
56%
Piccolo Trumpet
36%
Tenor Horn
33%
Mellophone
25%
Baritone Horn
24%
Cimbasso
18%
No matching quizzes found
Score Distribution
Percent of People with Each Score
Percentile by Number Answered
Your Score History
You have not taken this quiz